|
|
|
|
| LEADER |
00826nam a2200217 a 4500 |
| 008 |
090708s2002 enka 001 0 eng d |
| 020 |
|
|
|a 1856692817
|
| 040 |
|
|
|a UKM
|c UKM
|d
|x A
|
| 082 |
0 |
4 |
|a 690.0922
|2 21
|
| 100 |
1 |
|
|a Sutherland, Lyall.
|
| 245 |
1 |
0 |
|a Masters of structure :
|b engineering today's innovative buildings /
|c Sutherland Lyall.
|
| 260 |
|
|
|a London :
|b Laurence King,
|c 2002.
|
| 300 |
|
|
|a 224 p. :
|b ill. (chiefly col.) ;
|c 30 cm.
|
| 504 |
|
|
|a Includes index.
|
| 541 |
1 |
|
|e 00013782
|
| 650 |
0 |
|
|a Structural engineering.
|
| 650 |
0 |
|
|a Engineer.
|
| 650 |
0 |
|
|a Architects.
|
| 852 |
4 |
|
|a Ayesha Abed Library
|j General Shelf.
|
| 999 |
|
|
|c 2174
|d 2174
|
| 952 |
|
|
|0 0
|1 0
|2 ddc
|4 0
|6 690_092200000000000_SUT_2002
|7 0
|9 2004
|a BRACUL
|b BRACUL
|c GEN
|d 2009-07-08
|l 4
|m 65
|o 690.0922 SUT
|p 3010013782
|r 2025-12-24
|s 2025-12-21
|t 1
|w 2009-07-08
|y BK
|